[Event "4. Kesarovski-Georgiev Memorial"]
[Site "Sunny Beach BUL"]
[Date "2005.09.23"]
[Round "8.3"]
[White "Velikov, Petar"]
[Black "Bojkov, Dejan"]
[Result "1/2-1/2"]
[WhiteElo "2422"]
[BlackElo "2522"]
[PlyCount "58"]
[EventDate "2005.09.16"]
[EventType "swiss"]
[EventRounds "9"]
[EventCountry "BUL"]
[Source "lmi"]
[SourceDate "2005.09.25"]

1. c4 Nf6 2. g3 e5 3. Bg2 d5 4. cxd5 Nxd5 5. Nf3 Nc6 6. O-O Be7 7. d4 e4 8. Ne5
f5 9. Nxc6 bxc6 10. Qa4 Qd6 11. Nc3 O-O 12. f3 Nb6 13. Qd1 Bf6 14. fxe4 Bxd4+
15. Kh1 Bxc3 16. Qb3+ Be6 17. Qxc3 fxe4 18. Bf4 Nd5 19. Bxd6 Rxf1+ 20. Rxf1
Nxc3 21. Bxc7 Nb5 22. Bf4 Bxa2 23. Bxe4 Bd5 24. Bxd5+ cxd5 25. Rc1 Re8 26. e3
d4 27. exd4 Nxd4 28. Rd1 Re4 29. Rd3 a5 1/2-1/2

[Event "4. Kesarovski-Georgiev Memorial"]
[Site "Sunny Beach BUL"]
[Date "2005.09.23"]
[Round "8.4"]
[White "Nikolov, Sasho"]
[Black "Chatalbashev, Boris"]
[Result "0-1"]
[WhiteElo "2400"]
[BlackElo "2499"]
[PlyCount "62"]
[EventDate "2005.09.16"]
[EventType "swiss"]
[EventRounds "9"]
[EventCountry "BUL"]
[Source "lmi"]
[SourceDate "2005.09.25"]

1. e4 c5 2. Nf3 Nc6 3. d4 cxd4 4. Nxd4 g6 5. Nc3 Bg7 6. Be3 Nf6 7. Bc4 O-O 8.
Bb3 d6 9. h3 Na5 10. O-O b6 11. Re1 Bb7 12. Bg5 Nxb3 13. axb3 h6 14. Bh4 Qd7
15. Qd3 Nh5 16. Rad1 Rac8 17. f3 Rc5 18. b4 Nf4 19. Qf1 Rh5 20. Bg3 Be5 21.
Bxf4 Bxf4 22. Nde2 Be5 23. f4 Bg7 24. Ng3 Rh4 25. Qf2 e5 26. Nge2 Qe7 27. f5
Bxe4 28. g3 Qg5 29. f6 Bxf6 30. Rxd6 Be7 31. Rd7 Bxb4 0-1

[Event "4. Kesarovski-Georgiev Memorial"]
[Site "Sunny Beach BUL"]
[Date "2005.09.23"]
[Round "8.6"]
[White "Vasilev, Milen"]
[Black "Dobrev, Nanko"]
[Result "1-0"]
[WhiteElo "2419"]
[BlackElo "2426"]
[PlyCount "51"]
[EventDate "2005.09.16"]
[EventType "swiss"]
[EventRounds "9"]
[EventCountry "BUL"]
[Source "lmi"]
[SourceDate "2005.09.25"]

1. d4 d5 2. c4 e6 3. Nc3 c6 4. e4 dxe4 5. Nxe4 Bb4+ 6. Bd2 Qxd4 7. Bxb4 Qxe4+
8. Be2 Na6 9. Ba5 Bd7 10. Nf3 Nf6 11. Qd6 b6 12. Bc3 O-O-O 13. Ne5 Be8 14. Qa3
Nc5 15. Qxa7 Nfd7 16. f3 Qe3 17. Rd1 Nxe5 18. Qa8+ Kc7 19. Bxe5+ Qxe5 20. Rxd8
Nd7 21. Qc8+ Kd6 22. Qb8+ Kc5 23. Qxe5+ Nxe5 24. Kf2 f6 25. a3 b5 26. cxb5 1-0

[Event "4. Kesarovski-Georgiev Memorial"]
[Site "Sunny Beach BUL"]
[Date "2005.09.23"]
[Round "8.7"]
[White "Rusev, Krasimir"]
[Black "Petrov, Marijan"]
[Result "1/2-1/2"]
[WhiteElo "2426"]
[BlackElo "2406"]
[PlyCount "103"]
[EventDate "2005.09.16"]
[EventType "swiss"]
[EventRounds "9"]
[EventCountry "BUL"]
[Source "lmi"]
[SourceDate "2005.09.25"]

1. d4 g6 2. c4 Bg7 3. Nc3 c5 4. d5 d6 5. e4 e6 6. Bd3 Nf6 7. h3 O-O 8. Nf3 Na6
9. Bg5 h6 10. Be3 Nc7 11. dxe6 Nxe6 12. Qd2 Kh7 13. O-O Nd7 14. Be2 Ne5 15.
Nxe5 dxe5 16. Qxd8 Rxd8 17. Bg4 h5 18. Bxe6 Bxe6 19. Nd5 Rac8 20. Bg5 Rd6 21.
Rfd1 Bxd5 22. Rxd5 Rxd5 23. cxd5 f6 24. Be3 Bh6 25. Bxh6 Kxh6 26. a4 Kg5 27. f3
f5 28. g3 h4 29. Kg2 b6 30. Rc1 Rh8 31. b3 hxg3 32. Kxg3 f4+ 33. Kg2 Kf6 34. a5
Rc8 35. axb6 axb6 36. Ra1 c4 37. bxc4 Rxc4 38. Rb1 Rc2+ 39. Kf1 Rh2 40. Rxb6+
Kf7 41. Rb7+ Kf6 42. Rh7 Rh1+ 43. Kg2 Ra1 44. Rh8 Ra2+ 45. Kg1 Ra1+ 46. Kf2
Ra2+ 47. Ke1 Ra1+ 48. Kd2 Ra2+ 49. Kd1 Ra1+ 50. Kc2 Ra2+ 51. Kd1 Ra1+ 52. Kc2
1/2-1/2

[Event "4. Kesarovski-Georgiev Memorial"]
[Site "Sunny Beach BUL"]
[Date "2005.09.23"]
[Round "8.8"]
[White "Nikolov, Momchil"]
[Black "Georgiev, Krum"]
[Result "1-0"]
[WhiteElo "2400"]
[BlackElo "2468"]
[PlyCount "79"]
[EventDate "2005.09.16"]
[EventType "swiss"]
[EventRounds "9"]
[EventCountry "BUL"]
[Source "lmi"]
[SourceDate "2005.09.25"]

1. d4 Nf6 2. c4 g6 3. Nc3 Bg7 4. e4 d6 5. Be2 O-O 6. Bg5 Nbd7 7. Qd2 e5 8. d5
Nc5 9. f3 h6 10. Be3 a5 11. O-O-O Kh7 12. g4 h5 13. h4 Rh8 14. Bg5 Qe8 15. Nb5
Qd7 16. Bxf6 Bxf6 17. gxh5 Kg7 18. hxg6 fxg6 19. f4 Qe7 20. Nf3 Nxe4 21. Qc2
Nf2 22. fxe5 Bxe5 23. Rhg1 Bf4+ 24. Kb1 Qf6 25. Nxc7 Bf5 26. Bd3 Nxd3 27. Rxd3
Be5 28. Nxa8 Rxa8 29. Nxe5 Qxe5 30. Ka1 Re8 31. a3 Kh7 32. h5 gxh5 33. Qd2 a4
34. Rdg3 Bg4 35. Qc2+ Qf5 36. Qxa4 Re4 37. Qb3 Kh6 38. Qxb7 Rxc4 39. Qe7 Qf4
40. Re3 1-0

[Event "4. Kesarovski-Georgiev Memorial"]
[Site "Sunny Beach BUL"]
[Date "2005.09.23"]
[Round "8.9"]
[White "Janev, Evgeni"]
[Black "Ivanov, Jordan"]
[Result "1-0"]
[WhiteElo "2460"]
[BlackElo "2347"]
[PlyCount "45"]
[EventDate "2005.09.16"]
[EventType "swiss"]
[EventRounds "9"]
[EventCountry "BUL"]
[Source "lmi"]
[SourceDate "2005.09.25"]

1. e4 c5 2. Nf3 d6 3. Bb5+ Nd7 4. d4 Ngf6 5. Nc3 a6 6. Bxd7+ Nxd7 7. O-O e6 8.
Bg5 f6 9. Bh4 h5 10. Bg3 g5 11. dxc5 Nxc5 12. h4 Qb6 13. Rb1 Be7 14. Re1 Qc6
15. e5 gxh4 16. exd6 hxg3 17. dxe7 gxf2+ 18. Kxf2 Kxe7 19. Nd5+ Kf7 20. Nxf6
Nd3+ 21. Qxd3 Qc5+ 22. Re3 Kxf6 23. b4 1-0

[Event "4. Kesarovski-Georgiev Memorial"]
[Site "Sunny Beach BUL"]
[Date "2005.09.23"]
[Round "8.10"]
[White "Drenchev, Petar"]
[Black "Vladimirov, Vladimir"]
[Result "0-1"]
[WhiteElo "2412"]
[BlackElo "2267"]
[PlyCount "86"]
[EventDate "2005.09.16"]
[EventType "swiss"]
[EventRounds "9"]
[EventCountry "BUL"]
[Source "lmi"]
[SourceDate "2005.09.25"]

1. e4 d6 2. d4 Nf6 3. Nc3 g6 4. f4 Bg7 5. Nf3 O-O 6. Bd3 Nc6 7. O-O Bg4 8. Be3
e5 9. fxe5 dxe5 10. d5 Nd4 11. Qd2 Nxf3+ 12. gxf3 Bh3 13. Rfd1 Nh5 14. Bc5 Nf4
15. Bf1 Qg5+ 16. Kh1 Bxf1 17. Rxf1 Rfd8 18. Rad1 Bh6 19. Be3 a6 20. Na4 Qh4 21.
Nc5 b6 22. Nd3 Nxd3 23. Bxh6 Nf4 24. Bxf4 Qxf4 25. Qxf4 exf4 26. Rd3 f6 27. Rc3
Rac8 28. Rc6 Rd6 29. Rd1 Kf7 30. Rc4 Ke7 31. Rd3 Kd7 32. Rdc3 f5 33. Kg2 g5 34.
Rc6 fxe4 35. fxe4 g4 36. R6c4 h5 37. h3 f3+ 38. Kf1 b5 39. Rc5 b4 40. R3c4 g3
41. e5 g2+ 42. Kg1 Rg6 43. Rf4 Rg3 0-1

[Event "4. Kesarovski-Georgiev Memorial"]
[Site "Sunny Beach BUL"]
[Date "2005.09.23"]
[Round "8.12"]
[White "Dimitrov, Pavel"]
[Black "Kozhuharov, Spas"]
[Result "0-1"]
[WhiteElo "2161"]
[BlackElo "2391"]
[PlyCount "182"]
[EventDate "2005.09.16"]
[EventType "swiss"]
[EventRounds "9"]
[EventCountry "BUL"]
[Source "lmi"]
[SourceDate "2005.09.25"]

1. e4 c5 2. Nf3 d6 3. d4 cxd4 4. Nxd4 Nf6 5. Nc3 Nc6 6. Bc4 e6 7. O-O a6 8. a3
Be7 9. Nde2 b5 10. Ba2 Bb7 11. Ng3 Rc8 12. f4 Na5 13. Qe2 Nc4 14. f5 O-O 15.
Kh1 Kh8 16. a4 Qb6 17. Bb3 Nd7 18. Nh5 exf5 19. axb5 axb5 20. Rxf5 Nde5 21. Nf4
Ra8 22. Rb1 Rfe8 23. Nfd5 Qc5 24. Bxc4 bxc4 25. Be3 Qc6 26. Bd4 f6 27. Rbf1 Bd8
28. Qe3 Bc8 29. Rh5 Rb8 30. Ne2 Bg4 31. Rh4 f5 32. Rxg4 fxg4 33. Ng3 h6 34. Qf4
Bg5 35. Qf5 Qc8 36. Qxc8 Rbxc8 37. Nf5 Rf8 38. Rd1 Rcd8 39. Nc7 Rf7 40. Ne6
Rdd7 41. Ra1 Kh7 42. Kg1 Nc6 43. Nxg5+ hxg5 44. Bc3 Ne7 45. Nd4 Rf4 46. Ne6 Ng6
47. Nxf4 gxf4 48. Rd1 Re7 49. Rd4 Ra7 50. Rxd6 Ra1+ 51. Kf2 Rc1 52. Rd2 Kg8 53.
Bd4 Rh1 54. b3 cxb3 55. cxb3 Rxh2 56. b4 Nh4 57. Kf1 Nf3 58. Rd3 Rh1+ 59. Kf2
Ng5 60. e5 Rb1 61. Bc5 Rb2+ 62. Kf1 Rb1+ 63. Ke2 Kf7 64. Rd7+ Kg6 65. Rd5 Rb2+
66. Rd2 Rb3 67. Rd3 f3+ 68. gxf3 gxf3+ 69. Kd2 Ne4+ 70. Kc2 f2 71. Bxf2 Rxd3
72. Kxd3 Nxf2+ 73. Kd4 Kf5 74. b5 Ng4 75. b6 Nxe5 76. Kd5 Nd7 77. b7 Nb8 78.
Kd6 Na6 79. Kc6 Ke6 80. Kb5 Nb8 81. Kc5 g5 82. Kd4 Kf5 83. Ke3 g4 84. Ke2 Kf4
85. Kf2 g3+ 86. Kg2 Kg4 87. Kg1 Kf3 88. Kh1 g2+ 89. Kg1 Na6 90. Kh2 Kf2 91. Kh3
g1=Q 0-1

[Event "4. Kesarovski-Georgiev Memorial"]
[Site "Sunny Beach BUL"]
[Date "2005.09.23"]
[Round "8.13"]
[White "Karakehajov, Kalin"]
[Black "Karadimov, Marin"]
[Result "1-0"]
[WhiteElo "2385"]
[BlackElo "2120"]
[PlyCount "83"]
[EventDate "2005.09.16"]
[EventType "swiss"]
[EventRounds "9"]
[EventCountry "BUL"]
[Source "lmi"]
[SourceDate "2005.09.25"]

1. e4 c5 2. Nf3 d6 3. d4 cxd4 4. Qxd4 Nc6 5. Bb5 Qa5+ 6. Nc3 Bd7 7. Bxc6 bxc6
8. O-O e5 9. Qd3 Nf6 10. Bg5 Be7 11. Bxf6 gxf6 12. Ne2 d5 13. Ng3 Rb8 14. b3 f5
15. Nxe5 fxe4 16. Nxe4 Qc7 17. Nxd7 Qxd7 18. Ng3 Rb4 19. Rae1 Kd8 20. c4 d4 21.
Re4 c5 22. Re5 Qc7 23. Rfe1 Bd6 24. Rd5 Kc8 25. Nf5 Rd8 26. Nxd6+ Rxd6 27. Qf5+
Kb7 28. Rxc5 Qd7 29. Qe4+ Ka6 30. Qd3 Rbb6 31. Rce5 Re6 32. c5+ Qb5 33. Qxb5+
Rxb5 34. Rxe6+ fxe6 35. Rxe6+ Ka5 36. Rd6 Rxc5 37. Kf1 Rc2 38. Rxd4 Rxa2 39. f4
Rb2 40. Rd3 Rc2 41. Rd7 Kb6 42. Rxh7 1-0

[Event "4. Kesarovski-Georgiev Memorial"]
[Site "Sunny Beach BUL"]
[Date "2005.09.23"]
[Round "8.14"]
[White "Milchev, Nikolay"]
[Black "Panbukchian, Valentin"]
[Result "0-1"]
[WhiteElo "2182"]
[BlackElo "2339"]
[PlyCount "76"]
[EventDate "2005.09.16"]
[EventType "swiss"]
[EventRounds "9"]
[EventCountry "BUL"]
[Source "lmi"]
[SourceDate "2005.09.25"]

1. e4 d5 2. exd5 Qxd5 3. Nf3 Bg4 4. Be2 Nc6 5. d4 O-O-O 6. Be3 Nf6 7. h3 Bxf3
8. Bxf3 Qb5 9. Nc3 Qxb2 10. Na4 Qb5 11. Nc5 Qb4+ 12. c3 Qxc3+ 13. Kf1 Nd5 14.
Bxd5 Rxd5 15. Rc1 Qa3 16. Qf3 e6 17. Qxf7 Nxd4 18. Ne4 Be7 19. Kg1 Ne2+ 20. Kh2
Nxc1 21. Qxe6+ Rd7 22. Rxc1 Rhd8 23. Bf4 Kb8 24. Rc3 Qa5 25. f3 h6 26. Rc2 a6
27. g4 Bf8 28. Qc4 Rc8 29. Rb2 Ka8 30. Kg2 Qd5 31. Qa4 Qd1 32. Qc4 Re8 33. Nf2
Qd5 34. Qa4 Red8 35. Ne4 Bc5 36. Rd2 Bd4 37. Bg3 g5 38. Bf2 c5 0-1

[Event "4. Kesarovski-Georgiev Memorial"]
[Site "Sunny Beach BUL"]
[Date "2005.09.23"]
[Round "8.16"]
[White "Dimitrov, Radoslav"]
[Black "Stoinev, Metodi"]
[Result "1-0"]
[WhiteElo "2099"]
[BlackElo "2285"]
[PlyCount "75"]
[EventDate "2005.09.16"]
[EventType "swiss"]
[EventRounds "9"]
[EventCountry "BUL"]
[Source "lmi"]
[SourceDate "2005.09.25"]

1. e4 c5 2. Nf3 Nc6 3. d4 cxd4 4. Nxd4 Nf6 5. Nc3 e5 6. Ndb5 d6 7. Bg5 a6 8.
Na3 b5 9. Nd5 Be7 10. Bxf6 Bxf6 11. c3 O-O 12. Be2 Bg5 13. O-O Be6 14. Nc2 Ne7
15. Nce3 Bxe3 16. Nxe3 d5 17. Bg4 Bxg4 18. Qxg4 dxe4 19. Rad1 Qc8 20. Qxe4 Qe6
21. Nd5 Ra7 22. Rfe1 Ng6 23. Nb4 f5 24. Qc6 Qf7 25. Rd2 e4 26. Qc5 Re7 27. Nc6
Ree8 28. Red1 Nf4 29. Rd7 Qg6 30. g3 Nh3+ 31. Kg2 Qg4 32. Ne5 Nf4+ 33. Kg1 Nh3+
34. Kf1 Rxe5 35. Qxe5 Nxf2 36. Rd8 Qh3+ 37. Ke1 Rxd8 38. Qe6+ 1-0

[Event "4. Kesarovski-Georgiev Memorial"]
[Site "Sunny Beach BUL"]
[Date "2005.09.23"]
[Round "8.17"]
[White "Bozov, Ahmet"]
[Black "Jordanov, Nikolay"]
[Result "1-0"]
[WhiteElo "2091"]
[BlackElo "2257"]
[PlyCount "139"]
[EventDate "2005.09.16"]
[EventType "swiss"]
[EventRounds "9"]
[EventCountry "BUL"]
[Source "lmi"]
[SourceDate "2005.09.25"]

1. e4 c5 2. Nf3 Nc6 3. Bb5 d6 4. O-O e5 5. c3 Bg4 6. h3 Bxf3 7. Qxf3 Qf6 8. Qe2
Nge7 9. Na3 O-O-O 10. d3 Ng6 11. Bxc6 bxc6 12. d4 d5 13. Qa6+ Kb8 14. dxe5 Nxe5
15. f4 Nd7 16. e5 Qe6 17. f5 Qe8 18. e6 Nb6 19. Bg5 Be7 20. Bxe7 Qxe7 21. Rae1
Rhf8 22. Qd3 fxe6 23. Rxe6 Qc7 24. Rfe1 Rf7 25. b3 Kb7 26. Nc2 Qf4 27. Rf1 Qc7
28. Qe3 Nd7 29. b4 Nf8 30. Re5 Nd7 31. Re7 Rxe7 32. Qxe7 Nf6 33. Qxc5 Qb6 34.
Nd4 Qxc5 35. bxc5 Ka8 36. Ne6 Rd7 37. g4 h6 38. Rb1 Ne4 39. Rb3 Nd2 40. Rb2 Ne4
41. Rc2 Kb7 42. Kg2 Kc8 43. h4 Rf7 44. Kf3 h5 45. Ng5 hxg4+ 46. Kxg4 Nf6+ 47.
Kf4 Re7 48. Ne6 Rf7 49. Rg2 Ne8 50. Ke5 Re7 51. h5 Kd7 52. Rg6 Kc8 53. h6 gxh6
54. Rxh6 Kd7 55. Rh8 Rf7 56. Rh6 Re7 57. Rh2 Rf7 58. Rb2 Kc8 59. Rb4 Rh7 60.
Rg4 Rf7 61. Rg8 Kd7 62. Rf8 Rh7 63. a4 Re7 64. Rg8 Rf7 65. Nf8+ Kd8 66. Ng6 Kd7
67. Kf4 Kd8 68. Ne5 Rh7 69. f6 Rh4+ 70. Kg3 1-0

[Event "4. Kesarovski-Georgiev Memorial"]
[Site "Sunny Beach BUL"]
[Date "2005.09.23"]
[Round "8.18"]
[White "Kjurkchiiski, Georgi"]
[Black "Bonev, Todor"]
[Result "0-1"]
[WhiteElo "2257"]
[BlackElo "2234"]
[PlyCount "110"]
[EventDate "2005.09.16"]
[EventType "swiss"]
[EventRounds "9"]
[EventCountry "BUL"]
[Source "lmi"]
[SourceDate "2005.09.25"]

1. Nf3 Nf6 2. g3 g6 3. Bg2 Bg7 4. O-O O-O 5. c4 d6 6. Nc3 Nbd7 7. d4 e5 8. h3
c6 9. e4 Qb6 10. dxe5 Nxe5 11. Nxe5 dxe5 12. Qc2 Nh5 13. Be3 Qc7 14. Qe2 Be6
15. Rfd1 Rfd8 16. b3 b6 17. Rxd8+ Rxd8 18. Rd1 Bf8 19. Rxd8 Qxd8 20. Qd1 Qc7
21. Kh2 Be7 22. h4 Ng7 23. Bh3 f5 24. exf5 gxf5 25. Kg1 Bf6 26. a4 Qe7 27. Bg2
f4 28. Bc1 Nf5 29. Ne4 Nd4 30. gxf4 c5 31. fxe5 Bxe5 32. Ng5 Bf5 33. Be3 Bf6
34. Bxd4 cxd4 35. Bd5+ Kg7 36. Qf3 Bxg5 37. Qxf5 Bxh4 38. Kf1 Qf6 39. Be4 Qxf5
40. Bxf5 h6 41. Bd3 Kf6 42. Kg2 Ke5 43. Kf3 Be7 44. Kg4 a5 45. f4+ Kd6 46. Kf5
h5 47. c5+ Kxc5 48. Ke6 Bf8 49. Kf7 Bd6 50. f5 Kb4 51. Ke6 Bc5 52. Bc2 Kc3 53.
Bd1 h4 54. Kd5 d3 55. Ke4 Kd2 0-1

[Event "4. Kesarovski-Georgiev Memorial"]
[Site "Sunny Beach BUL"]
[Date "2005.09.23"]
[Round "8.19"]
[White "Bojchev, Marian"]
[Black "Draganova, Petranka"]
[Result "1-0"]
[WhiteElo "2240"]
[BlackElo "2069"]
[PlyCount "93"]
[EventDate "2005.09.16"]
[EventType "swiss"]
[EventRounds "9"]
[EventCountry "BUL"]
[Source "lmi"]
[SourceDate "2005.09.25"]

1. d4 d5 2. c4 c6 3. Nf3 Nf6 4. b3 Bf5 5. Bb2 e6 6. Nbd2 Nbd7 7. g3 Ne4 8. Bg2
Bb4 9. a3 Bxd2+ 10. Nxd2 Nxd2 11. Qxd2 h6 12. O-O O-O 13. f3 Qg5 14. Qc3 h5 15.
e4 Bh7 16. f4 Qe7 17. cxd5 cxd5 18. exd5 exd5 19. Bxd5 Nf6 20. Bc4 Rac8 21.
Rae1 Qd7 22. Re5 Qh3 23. Qf3 Ng4 24. Re2 Rce8 25. Rfe1 Nxh2 26. Qg2 Qxg2+ 27.
Kxg2 Rxe2+ 28. Rxe2 Ng4 29. Re7 Nf6 30. Kf3 Bf5 31. d5 b5 32. Bxb5 Bg4+ 33. Kf2
Nxd5 34. Rxa7 Be6 35. Bd3 h4 36. f5 hxg3+ 37. Kxg3 Bc8 38. Ra8 Re8 39. Bd4 Bd7
40. Rxe8+ Bxe8 41. b4 Nc7 42. Be5 Nd5 43. b5 Ne7 44. a4 Bd7 45. b6 Bc6 46. a5
Nc8 47. Ba6 1-0

[Event "4. Kesarovski-Georgiev Memorial"]
[Site "Sunny Beach BUL"]
[Date "2005.09.23"]
[Round "8.21"]
[White "Orev, Petar"]
[Black "Georgiev, Steljan"]
[Result "1-0"]
[WhiteElo "2222"]
[BlackElo "1944"]
[PlyCount "59"]
[EventDate "2005.09.16"]
[EventType "swiss"]
[EventRounds "9"]
[EventCountry "BUL"]
[Source "lmi"]
[SourceDate "2005.09.25"]

1. e4 d6 2. d4 Nd7 3. Nf3 Ngf6 4. e5 dxe5 5. dxe5 Ne4 6. e6 fxe6 7. Nbd2 Ndf6
8. Bc4 Qd6 9. Qe2 Nc5 10. O-O Bd7 11. Ne5 g6 12. Rd1 Bg7 13. Nb3 Nd5 14. Nxc5
Qxc5 15. Nxd7 Kxd7 16. Bb3 b5 17. a4 b4 18. Be3 Qc6 19. a5 Kc8 20. Ba4 Qd6 21.
Bc5 Rd8 22. Bxd6 Rxd6 23. Bb3 Bxb2 24. Bxd5 exd5 25. Rab1 Bf6 26. Rxb4 Kd7 27.
c4 d4 28. c5 Rd5 29. Qb5+ Ke6 30. Qc6+ 1-0

[Event "4. Kesarovski-Georgiev Memorial"]
[Site "Sunny Beach BUL"]
[Date "2005.09.23"]
[Round "8.22"]
[White "Spasov, Aleksandar"]
[Black "Angelov, Angel"]
[Result "0-1"]
[WhiteElo "2130"]
[BlackElo "2222"]
[PlyCount "74"]
[EventDate "2005.09.16"]
[EventType "swiss"]
[EventRounds "9"]
[EventCountry "BUL"]
[Source "lmi"]
[SourceDate "2005.09.25"]

1. e4 c6 2. d4 d5 3. Nd2 g6 4. exd5 cxd5 5. Bd3 Nc6 6. Ngf3 Bg7 7. c3 Nh6 8.
O-O O-O 9. Re1 Qc7 10. Nf1 Ng4 11. h3 Nf6 12. Ng3 a6 13. Qe2 Nd7 14. Bd2 b5 15.
Rac1 Bb7 16. Be3 f6 17. Bc2 e5 18. Bb3 Na5 19. Qc2 Nc4 20. Rcd1 e4 21. Nh2 f5
22. Bc1 f4 23. Ngf1 Rae8 24. a4 Qb6 25. Ba2 g5 26. Qe2 Qg6 27. Nd2 h5 28. b3
Nd6 29. Ba3 e3 30. Ndf1 Ne4 31. Bb1 exf2+ 32. Qxf2 Rf5 33. Qf3 Ndf6 34. Re2 g4
35. hxg4 hxg4 36. Qd3 f3 37. Ra2 f2+ 0-1

[Event "4. Kesarovski-Georgiev Memorial"]
[Site "Sunny Beach BUL"]
[Date "2005.09.23"]
[Round "8.23"]
[White "Nikolov, Jordan"]
[Black "Arnaudov, Petar"]
[Result "0-1"]
[WhiteElo "2102"]
[BlackElo "2204"]
[PlyCount "176"]
[EventDate "2005.09.16"]
[EventType "swiss"]
[EventRounds "9"]
[EventCountry "BUL"]
[Source "lmi"]
[SourceDate "2005.09.25"]

1. e4 d6 2. d4 Nf6 3. Bd3 e5 4. c3 Nc6 5. Nf3 Bg4 6. Be3 d5 7. h3 exd4 8. cxd4
Bb4+ 9. Nc3 dxe4 10. hxg4 exd3 11. g5 Nd5 12. Qxd3 Qe7 13. Kf1 Nxe3+ 14. fxe3
O-O-O 15. Re1 g6 16. Rh4 Kb8 17. Re4 Qd7 18. Rd1 Bxc3 19. bxc3 Rhe8 20. d5 Rxe4
21. Qxe4 Qd6 22. Rd2 Ne7 23. c4 f6 24. gxf6 Qxf6 25. Qf4 Qc3 26. Qd4 Qc1+ 27.
Rd1 Qc2 28. Rd2 Qa4 29. e4 Nc6 30. Qc3 Na5 31. Rc2 b6 32. Nd4 Rf8+ 33. Kg1 Qe8
34. Ne6 Rf7 35. e5 Nb7 36. Nd4 Nd8 37. e6 Rf4 38. Qe3 g5 39. Rf2 Nf7 40. Rxf4
gxf4 41. Qxf4 Nd6 42. e7 Kb7 43. Nc6 Qh5 44. Nd8+ Kc8 45. Kf2 Qg6 46. Nc6 Kb7
47. Ne5 Qc2+ 48. Kg3 Qe2 49. Nf3 Qxe7 50. Ne5 Qg7+ 51. Kh2 a5 52. Nc6 a4 53.
Nd8+ Kc8 54. Ne6 Qg6 55. c5 Qh5+ 56. Kg1 bxc5 57. Nxc5 a3 58. Qf8+ Qe8 59. Qf4
Qe1+ 60. Kh2 Kb8 61. Ne6 Qc3 62. Qf8+ Kb7 63. Qf4 Kb6 64. Qf2+ Kb5 65. Qf4 Qc4
66. Qd2 Ne4 67. Qf4 Nd6 68. Qe5 Kb6 69. Qe3+ Kb7 70. Qd2 Nb5 71. Nf4 Qd4 72.
Qc1 Qc3 73. Qd1 Nd6 74. Qb1+ Qb2 75. Qxh7 Qxa2 76. Ne6 Qc4 77. Qb1+ Kc8 78. Qa1
a2 79. Nd4 Qxd5 80. Nc2 Qb3 81. Qh8+ Kb7 82. Qh7 Qc3 83. Qg6 Ka7 84. Qh7 Kb6
85. Qg6 Ka5 86. Qh7 Ka4 87. Qg6 Kb3 88. Qe6+ Kb2 0-1

[Event "4. Kesarovski-Georgiev Memorial"]
[Site "Sunny Beach BUL"]
[Date "2005.09.23"]
[Round "8.26"]
[White "Panajotov, Janko"]
[Black "Dojkova, Galina"]
[Result "1-0"]
[WhiteElo "2302"]
[BlackElo "2054"]
[PlyCount "119"]
[EventDate "2005.09.16"]
[EventType "swiss"]
[EventRounds "9"]
[EventCountry "BUL"]
[Source "lmi"]
[SourceDate "2005.09.25"]

1. e4 e6 2. d4 d5 3. Nc3 Nf6 4. e5 Nfd7 5. f4 c5 6. Nf3 Nc6 7. Be3 cxd4 8. Nxd4
Bc5 9. Qd2 O-O 10. O-O-O a6 11. h4 Bxd4 12. Bxd4 b5 13. h5 Qa5 14. h6 g6 15.
Kb1 Nxd4 16. Qxd4 b4 17. Ne2 Qc5 18. g3 a5 19. Bg2 Ba6 20. Qxc5 Nxc5 21. Nd4
Rfc8 22. Rhe1 Rab8 23. Re3 Kf8 24. a3 bxa3 25. Rxa3 a4 26. Rc3 Rb4 27. Ka2 Bc4+
28. Ka3 Rb6 29. Rb1 Nb3 30. Nf3 d4 31. Rxc4 Rxc4 32. cxb3 Rxb3+ 33. Ka2 Re3 34.
Ne1 Rxg3 35. Rd1 Rg4 36. Bf1 Rb4 37. Nc2 Rb8 38. Rxd4 g5 39. Rxa4 gxf4 40. Bd3
Rh4 41. b3 Rxh6 42. Rxf4 Rh5 43. Re4 Ra8+ 44. Kb2 Ra5 45. b4 Raxe5 46. Rf4 Rh3
47. Kc3 Ke7 48. Rf1 Rd5 49. Rd1 h5 50. Kc4 h4 51. Nd4 Rg3 52. Be4 Rh5 53. b5 h3
54. b6 h2 55. Nc6+ Kf6 56. Rf1+ Kg7 57. b7 Rh8 58. Rh1 Rg4 59. Kd3 Rh3+ 60. Kd4
1-0

[Event "4. Kesarovski-Georgiev Memorial"]
[Site "Sunny Beach BUL"]
[Date "2005.09.24"]
[Round "9.4"]
[White "Bojkov, Dejan"]
[Black "Nikolov, Momchil"]
[Result "1/2-1/2"]
[WhiteElo "2522"]
[BlackElo "2400"]
[PlyCount "99"]
[EventDate "2005.09.16"]
[EventType "swiss"]
[EventRounds "9"]
[EventCountry "BUL"]
[Source "lmi"]
[SourceDate "2005.09.25"]

1. e4 c5 2. Nf3 d6 3. Bc4 Nc6 4. c3 Nf6 5. d3 Bg4 6. Nbd2 e6 7. h3 Bh5 8. g4
Bg6 9. Nh4 d5 10. Bb5 Qc7 11. Qe2 dxe4 12. dxe4 a6 13. Ba4 b5 14. Bc2 Bd6 15.
a4 Rb8 16. Nf1 c4 17. Nxg6 hxg6 18. axb5 axb5 19. Be3 Bf4 20. Bxf4 Qxf4 21. Qe3
Qxe3+ 22. Nxe3 g5 23. Ke2 Ne5 24. Ra5 Ke7 25. Ra7+ Nfd7 26. f3 Ra8 27. Rb7 Rhb8
28. Rxb8 Rxb8 29. h4 Rh8 30. h5 Ra8 31. Rb1 Nc5 32. Nd1 g6 33. Nf2 gxh5 34.
gxh5 Rh8 35. Rh1 Ncd7 36. Ke3 Nf6 37. f4 gxf4+ 38. Kxf4 Nfd7 39. Bd1 Kf6 40.
Be2 Ra8 41. h6 Rh8 42. Rh5 Ng6+ 43. Ke3 Nde5 44. Ng4+ Nxg4+ 45. Bxg4 Rb8 46.
Be2 Ne5 47. Kf4 Ng6+ 48. Ke3 Ne5 49. Kf4 Ng6+ 50. Ke3 1/2-1/2

[Event "4. Kesarovski-Georgiev Memorial"]
[Site "Sunny Beach BUL"]
[Date "2005.09.24"]
[Round "9.6"]
[White "Petrov, Marijan"]
[Black "Iotov, Valentin"]
[Result "1/2-1/2"]
[WhiteElo "2406"]
[BlackElo "2447"]
[PlyCount "96"]
[EventDate "2005.09.16"]
[EventType "swiss"]
[EventRounds "9"]
[EventCountry "BUL"]
[Source "lmi"]
[SourceDate "2005.09.25"]

1. e4 c5 2. Nf3 e6 3. b3 a6 4. Bb2 d6 5. d4 cxd4 6. Nxd4 Nf6 7. Bd3 b6 8. O-O
Bb7 9. Nd2 e5 10. Nf5 g6 11. Ne3 Bh6 12. Qe2 O-O 13. a4 Nbd7 14. a5 b5 15. Ba3
Nc5 16. Bxc5 dxc5 17. c4 Bxe3 18. Qxe3 Qd6 19. Rfd1 Rad8 20. Nf1 b4 21. Qe2 Nh5
22. Bc2 Nf4 23. Qe1 Qe7 24. Ne3 Rd4 25. Nd5 Bxd5 26. cxd5 Qd7 27. Qf1 Rc8 28.
g3 Nh3+ 29. Kh1 h5 30. Bd3 h4 31. Bxa6 Ra8 32. Rxd4 cxd4 33. Bb5 Nxf2+ 34. Kg2
Qh3+ 35. Kxf2 Qxh2+ 36. Qg2 hxg3+ 37. Kf1 Qh4 38. Be2 Qf4+ 39. Qf3 d3 40. Bd1
Qd2 41. a6 Kg7 42. a7 Rh8 43. Qxg3 Rh1+ 44. Qg1 Qf4+ 45. Kg2 Rxg1+ 46. Kxg1
Qg3+ 47. Kf1 Qf4+ 48. Kg2 Qd2+ 1/2-1/2

[Event "4. Kesarovski-Georgiev Memorial"]
[Site "Sunny Beach BUL"]
[Date "2005.09.24"]
[Round "9.8"]
[White "Vladimirov, Vladimir"]
[Black "Nikolov, Sasho"]
[Result "0-1"]
[WhiteElo "2267"]
[BlackElo "2400"]
[PlyCount "84"]
[EventDate "2005.09.16"]
[EventType "swiss"]
[EventRounds "9"]
[EventCountry "BUL"]
[Source "lmi"]
[SourceDate "2005.09.25"]

1. g3 d5 2. Bg2 Nf6 3. Nf3 Nbd7 4. O-O e5 5. d3 Bd6 6. Nc3 O-O 7. Bg5 c6 8. e4
h6 9. Bxf6 Nxf6 10. d4 Bg4 11. h3 Bxf3 12. Bxf3 Qb6 13. exd5 Qxb2 14. Ne4 Nxe4
15. Bxe4 Rad8 16. dxc6 bxc6 17. Bxc6 Bc5 18. d5 e4 19. Qe2 Qe5 20. Kh2 f5 21.
f4 Qf6 22. Qc4 Bd6 23. Rad1 g5 24. Qd4 Qe7 25. Bb5 Rf7 26. Rd2 Rg7 27. Rg2 Kh7
28. fxg5 Rxg5 29. Be2 Rdg8 30. Qf2 f4 31. Kh1 Rxg3 32. Bg4 Rxg2 33. Qxg2 f3 34.
Bf5+ Kh8 35. Qd2 e3 36. Qd4+ Rg7 37. Bg4 e2 38. Re1 Qh4 39. Qc3 Qg3 40. Rxe2
fxe2 41. Qxg3 Bxg3 42. Bxe2 Bd6 0-1